Rescuing Tinku / (Record no. 147237)

MARC details
000 -LEADER
fixed length control field 00503nam a22001817a 4500
005 - DATE AND TIME OF LATEST TRANSACTION
control field 20171107151830.0
010 ## - LCCN (DPL NO)
LC control number ENG-121278
020 ## - INTERNATIONAL STANDARD BOOK NUMBER
International Standard Book Number 9789386288790
Terms of availability 480.00
035 ## - SYSTEM CONTROL NUMBER
System control number EN-104810
037 ## - SOURCE OF ACQUISITION
Source of stock number/acquisition DBAD/PUB
082 ## - DEWEY DECIMAL CLASSIFICATION NUMBER
Classification number S
100 ## - MAIN ENTRY--PERSONAL NAME
Personal name Vaid,Vaneeta
245 00 - TITLE STATEMENT
Title Rescuing Tinku /
Statement of responsibility, etc by Vaneeta Vaid
260 ## - PUBLICATION, DISTRIBUTION, ETC. (IMPRINT)
Place of publication, distribution, etc New Delhi
Name of publisher, distributor, etc KW Publishers
Date of publication, distribution, etc 2017
270 ## - ADDRESS
Address 4676/21, First Floor, Ansari Road, Daryaganj,
City New Delhi
Postal code 110002
300 ## - PHYSICAL DESCRIPTION
Extent 158p.:
Dimensions 24cm(pbk)
Other physical details ill.
942 ## - ADDED ENTRY ELEMENTS (KOHA)
Source of classification or shelving scheme Dewey Decimal Classification
Item type English Books
Call number suffix VAI
Classification part S
Holdings
Withdrawn status Lost status Not for loan Collection code Home library Current library Date acquired Source of acquisition Cost, normal purchase price Full call number Barcode Copy number Cost, replacement price Koha item type
      Non-fiction Shahdara Branch Shahdara Branch 07/11/2017 DBAD/PUB 480.00 S VAI EN-104810 1 480.00 English Books

© Delhi Public Library
Hit Counter
free hit counter